000 00682cam a22002533a 4500
001 69
003 PGUSA
005 20140828082942.0
008 930601s1993||||xxu|||||s|||||000 | eng d
040 _aPGUSA
_beng
042 _adc
050 4 _aQA
100 1 _aSlowinski, David
245 1 4 _aThe 32nd Mersenne Prime :
_bPredicted by Mersenne
_h[electronic resource] /
_cDavid Slowinski
260 _bProject Gutenberg,
_c1993
500 _aMath
506 _aPublic domain in the USA.
516 _aElectronic text
653 _aNumbers, Prime
653 _aNumber theory
830 0 _aProject Gutenberg
_v69
856 4 0 _uhttp://www.gutenberg.org/ebooks/69
942 _cEB
999 _c229440
_d229440